000 00661cam a22002414a 4500
999 _c140941
_d140941
003 UPN
005 20220808092002.0
008 090205s1997 es r 000 f spa d
020 _a8421631896
035 _aUPN01000168835
040 _aUPN
_bspa
_cUPN
049 _aCG
050 4 _aPJ5054 O7.4
_bS6.4
100 1 _aOrlev, Uri,
_d1931-
_930817
245 1 0 _aSoldados de plomo /
_cUri Orlev ; tr. Eulália Sariola i Mayol.
260 _aMadrid :
_bBruño,
_c1997.
300 _a251 p.
490 0 _aParalelo cero ;
_v17
650 4 _94235
_aNOVELA POLACA
650 0 _aGuerra mundial II, 1939-1945
_vNovela
_95166
905 _aLibro
942 _2lcc
_cLIBRO